000
00357nam a2200133Ia 4500
008
231129s9999||||xx |||||||||||||| ||spa||
020
_a
84-7634-634-4
040
_b
spa
082
_a
808.3876 V222u
100
_a
Vance Jack
245
0
_a
El ultimo castillo ; Hombres y dragones
264
_a
Orbis
942
_2
ddc
_c
BKS
999
_c
12602
_d
12602